[Event "Mar del Plata"]
[Site "Mar del Plata"]
[Date "1971.??.??"]
[Round "8"]
[White "Gheorghiu, Florin"]
[Black "Rubinetti, Jorge A"]
[Result "1-0"]
[WhiteElo "2530"]
[BlackElo "2425"]

1.Nf3 Nf6 2.c4 e6 3.Nc3 d5 4.d4 Be7 5.Bf4 c5 6.dxc5 Na6 7.e3 Nxc5 8.cxd5 exd5
9.Bb5+ Bd7 10.Bxd7+ Qxd7 11.O-O O-O 12.Be5 Rfd8 13.Qe2 a6 14.Rfd1 Qf5 15.Bc7 Rd7
16.Nd4 Qg6 17.Be5 Nfe4 18.Rac1 Re8 19.Nf3 Qe6 20.b3 Bf8 21.Qc2 h6 22.Ne2 Ng5
23.Ned4 Nxf3+ 24.Nxf3 Ne4 25.Bb2 Rdd8 26.Nd4 Qd7 27.Qc7 Bd6 28.Qxd7 Rxd7
29.Nf5 Be5 30.Bxe5 Rxe5 31.Rc8+ Kh7 32.Nd4 Nf6 33.Rdc1 Re8 34.R8c7 Red8 35.f3 g6
36.Rxd7 Rxd7 37.Rc8 Kg7 38.Kf2 Nh7 39.Ke2 Nf8 40.Kd3 h5 41.a4 Re7 42.a5 Nd7
43.Kd2 Nf6 44.b4 Ne8 45.Rd8 Nc7 46.Kd3 Kf6 47.Nb3 Ke5 48.Nc5 g5 49.g3 f6
50.h3 Nb5 51.f4+ gxf4 52.gxf4+ Kf5 53.Rxd5+ Kg6 54.Rd7 Rxd7+ 55.Nxd7 Na7
56.e4 Nc6 57.Kc4 Kf7 58.e5  1-0

[Event "Buenos Aires CA"]
[Site "Buenos Aires"]
[Date "1972.??.??"]
[Round "5"]
[White "Garcia, Raimundo"]
[Black "Pilnik, Herman"]
[Result "1/2-1/2"]
[WhiteElo "2420"]
[BlackElo "2450"]

1.Nf3 d5 2.c4 e6 3.d4 Be7 4.Nc3 Nf6 5.Bf4 c6 6.e3 Nbd7 7.Qc2 Nh5 8.Bg3 Nxg3
9.hxg3 h6 10.O-O-O a6 11.e4 dxe4 12.Nxe4 Qa5 13.Kb1 b5 14.c5 Qc7 15.Be2 Bb7
16.Qc3 Nf6 17.Nxf6+ gxf6 18.Nh2 O-O-O 19.Nf3 f5 20.Nd2 Bf6 21.Nf3 Rd5 22.Rd2 Bg7
23.Bd1 Rhd8 24.Bb3 R5d7 25.Rdd1 Kb8 26.Ne5 Re7 27.f4 Bc8 28.Rhe1 Bd7 29.Rd2 Be8
30.Re3 Kb7 31.Red3 Ka7 32.Bd1 Kb7 33.a4 Rb8 34.axb5 axb5 35.Qb4 Kc8 36.Ra3 Qb7
37.b3 Kd8 38.Rda2 Rc7 39.Ra6 Qc8 40.Bf3 Ke7 41.Ra7 Kf8 42.Qa5 Bxe5 43.dxe5 Rxa7
44.Qxa7 Qd8 45.Kc1 Qc8 46.Qa5 b4 47.Be2 Qd7 48.Rd2 Qb7 49.Ra2 Qd7 50.Rd2 Qb7
51.Rd8 Rxd8 52.Qxd8 Qa7 53.Qd6+ Kg7 54.Kb1 Qa3 55.Bc4 Qa7 56.g4 fxg4 57.f5 Qd7
58.fxe6 fxe6 59.Bxe6 Bg6+ 60.Kc1 Qa7 61.Kd2 Bf7 62.Bf5 Qa2+ 63.Bc2 Bxb3 64.Qg6+ Kf8
65.Qxh6+ Kg8 66.Qh7+ Kf8 67.Qh8+ Kf7 68.Qf6+ Kg8 69.Qd8+ Kf7 70.Qd7+ Kf8  1/2-1/2

[Event "Las Palmas"]
[Site "Las Palmas"]
[Date "1972.??.??"]
[Round "6"]
[White "Gheorghiu, Florin"]
[Black "Medina Garcia, Antonio Angel"]
[Result "1/2-1/2"]
[WhiteElo "2520"]
[BlackElo "2380"]

1.d4 Nf6 2.c4 e6 3.Nf3 d5 4.Nc3 Be7 5.Bf4 O-O 6.e3 b6 7.cxd5 exd5 8.Ne5 Bb7
9.Be2 Nbd7 10.O-O a6 11.Rc1 Bd6 12.Nd3 Bxf4 13.Nxf4 Qe7 14.Bf3 c6 15.h4 Rfd8
16.Qd3 h6 17.h5 Re8 18.Qf5 Rad8 19.Rfd1 Nf8 20.Na4 N6d7 21.a3 a5 22.Be2 Qd6  1/2-1/2

[Event "World Championship 28th"]
[Site "Reykjavik"]
[Date "1972.??.??"]
[Round "14"]
[White "Fischer, Robert James"]
[Black "Spassky, Boris V"]
[Result "1/2-1/2"]
[WhiteElo "2785"]
[BlackElo "2660"]

1.c4 e6 2.Nf3 d5 3.d4 Nf6 4.Nc3 Be7 5.Bf4 O-O 6.e3 c5 7.dxc5 Nc6 8.cxd5 exd5
9.Be2 Bxc5 10.O-O Be6 11.Rc1 Rc8 12.a3 h6 13.Bg3 Bb6 14.Ne5 Ne7 15.Na4 Ne4
16.Rxc8 Bxc8 17.Nf3 Bd7 18.Be5 Bxa4 19.Qxa4 Nc6 20.Bf4 Qf6 21.Bb5 Qxb2 22.Bxc6 Nc3
23.Qb4 Qxb4 24.axb4 bxc6 25.Be5 Nb5 26.Rc1 Rc8 27.Nd4 f6 28.Bxf6 Bxd4 29.Bxd4 Nxd4
30.exd4 Rb8 31.Rxc6 Rxb4 32.Kf1 Rxd4 33.Ra6 Kf7 34.Rxa7+ Kf6 35.Rd7 h5 36.Ke2 g5
37.Ke3 Re4+ 38.Kd3 Ke6 39.Rg7 Kf6 40.Rd7 Ke6  1/2-1/2

[Event "Skopje ol (Men) fin-C"]
[Site "Skopje"]
[Date "1972.??.??"]
[Round "12"]
[White "Nobrega, Adaucto da"]
[Black "Benitez, Francisco"]
[Result "1-0"]
[WhiteElo "2200"]
[BlackElo "2200"]

1.d4 d5 2.c4 e6 3.Nc3 Nf6 4.Nf3 Be7 5.Bf4 O-O 6.e3 c6 7.Rc1 Nbd7 8.cxd5 Nxd5
9.Bg3 Nxc3 10.bxc3 c5 11.Bd3 Re8 12.O-O Qa5 13.Bb1 Nf6 14.Ne5 Bd7 15.Qf3 Qa6
16.Bh4 Bc6 17.Qh3 g6 18.Bd3 b5 19.a4 c4 20.axb5 Bxb5 21.Ra1 Qc8 22.Bc2 a5
23.Rfb1 Qa6 24.Qf3 Kg7 25.Be4 Rab8 26.Bc6 Rec8 27.Bxf6+ Bxf6 28.Nd7 Be7 29.Nxb8 Rxb8
30.Qg3 Rb6 31.Qe5+ Bf6 32.Bxb5 Qb7 33.Qc5  1-0

[Event "JUG-ch"]
[Site "Umag"]
[Date "1972.??.??"]
[Round "3"]
[White "Nemet, Ivan"]
[Black "Kurajica, Bojan"]
[Result "1-0"]
[WhiteElo "2415"]
[BlackElo "2455"]

1.d4 d5 2.c4 e6 3.Nc3 Nf6 4.Nf3 Be7 5.Bf4 O-O 6.e3 c5 7.dxc5 Bxc5 8.a3 Nc6
9.Qc2 Qa5 10.Nd2 Be7 11.Rd1 e5 12.Bg5 d4 13.Nb3 Qb6 14.c5 Qd8 15.exd4 Nxd4
16.Nxd4 exd4 17.Be2 Bxc5 18.O-O Bb6 19.Nb5 Re8 20.Be3 Qe7 21.Nxd4 Nd5 22.Bc4 Nxe3
23.fxe3 Rf8 24.Kh1 Bg4 25.Rde1 Ba5 26.b4 Bc7 27.Qf2 Rad8 28.Rc1 Kh8 29.Bd3 Bh5
30.Rxc7 Qxc7 31.Ne6 Qe7 32.Nxf8 Rxd3 33.Qf5  1-0

[Event "Hoogovens-B"]
[Site "Wijk aan Zee"]
[Date "1972.??.??"]
[Round "?"]
[White "Lehmann, Heinz Dr"]
[Black "Enklaar, Bertus F"]
[Result "0-1"]
[WhiteElo "2395"]
[BlackElo "2410"]

1.c4 e6 2.Nc3 d5 3.d4 Be7 4.Nf3 Nf6 5.Bf4 O-O 6.e3 c6 7.Bd3 Nbd7 8.O-O dxc4
9.Bxc4 b5 10.Bd3 Bb7 11.Qe2 a6 12.a4 Nh5 13.Be5 Nxe5 14.Nxe5 Nf6 15.Ne4 Qd5
16.f3 Nxe4 17.Bxe4 Qd6 18.Rfc1 Rac8 19.axb5 axb5 20.Ra7 Qb8 21.Rca1 Rc7 22.Nxc6 Bxc6
23.Rxc7 Qxc7 24.Rc1 Bd6 25.Rxc6 Bxh2+ 26.Kf1 Qa5 27.Qe1 b4 28.g3 f5 29.Rc5 Qa6+
30.Kg2 fxe4 31.f4 Bxg3 32.Kxg3 Qd3 33.Kf2 h6 34.Qxb4 Qd1 35.Qc3 Rf6 36.Re5 Rg6  0-1

[Event "Zarate op"]
[Site "Zarate"]
[Date "1972.??.??"]
[Round "?"]
[White "Rubinetti, Jorge A"]
[Black "Pilnik, Herman"]
[Result "1-0"]
[WhiteElo "2410"]
[BlackElo "2450"]

1.d4 Nf6 2.c4 e6 3.Nc3 d5 4.Nf3 Be7 5.Bf4 O-O 6.e3 c5 7.dxc5 Nc6 8.cxd5 exd5
9.Bd6 Bxd6 10.cxd6 Qxd6 11.Be2 a6 12.O-O Rd8 13.Nd4 Ne5 14.h3 Bd7 15.a4 Qb4
16.Qb3 Qa5 17.Rfd1 Rab8 18.Nf3 Nxf3+ 19.Bxf3 Be6 20.Qa3 Rbc8 21.Rd4 Rd7 22.Rad1 h6
23.Qb4 Qxb4 24.Rxb4 Rc5 25.Rbd4 Kf8 26.Kf1 Ke7 27.Ke1 Kd8 28.Rc1 Rc4 29.Rcd1 Rxd4
30.Rxd4 Kc7 31.a5 Rd6 32.Kd2 b6 33.b4 b5 34.g4 Kc6 35.Bg2 Ne8 36.f4 f6 37.f5 Bf7
38.Bf3 Nc7 39.Ne2 Kd7 40.Nf4 Ke7 41.Rd3 Kd7 42.Rd4 Ke7 43.Ke2 Kd7 44.Rd1 Ke7
45.Rc1 Kd7 46.Kd3 Rc6 47.Rxc6 Kxc6 48.Kd4 Kd6 49.Bh1 Kc6 50.Bg2 Kd6 51.Bf3 Kc6
52.Bd1 Ne8 53.Bb3 Nd6 54.Bxd5+ Bxd5 55.Nxd5 h5 56.Nf4 hxg4 57.hxg4 Nc4 58.Ne6 Ne5
59.Nxg7 Nxg4 60.Ne6 Ne5 61.Nc5 Kd6 62.Nxa6 Nc6+ 63.Ke4 Ne7 64.Nc5 Nc6 65.Nd3 Ne7
66.Nf4 Kc6 67.Ne6 Kb7 68.Nd4 Ka6 69.Kd3 Nd5 70.Nc2 Kb7 71.e4 Ne7 72.Nd4 Ka6
73.Kc3 Nc8 74.Ne6 Kb7 75.Nf4 Nd6 76.Kd4 Kc6 77.Nh5 Ne8 78.e5 fxe5+ 79.Kxe5 Nc7
80.Nf6 Na6 81.Nd5 Kd7 82.f6  1-0

[Event "FRG-ch International"]
[Site "Dortmund"]
[Date "1973.??.??"]
[Round "15"]
[White "Popov, Luben"]
[Black "Spassky, Boris V"]
[Result "1/2-1/2"]
[WhiteElo "2450"]
[BlackElo "2660"]

1.d4 Nf6 2.c4 e6 3.Nf3 d5 4.Nc3 Be7 5.Bf4 c5 6.dxc5 Na6 7.cxd5 exd5 8.Bd6 Nxc5
9.Bxe7 Kxe7 10.e3 Be6 11.Be2 Qb6 12.Qd4 Rhc8 13.O-O Nce4 14.Na4 Qxd4 15.Nxd4 Bd7
16.Bb5 Bxb5 17.Nxb5 Nc5 18.Nxc5 Rxc5 19.Nd4  1/2-1/2

[Event "Netanya-B"]
[Site "Netanya"]
[Date "1973.??.??"]
[Round "6"]
[White "Soos, Bela"]
[Black "Radashkovich, Itchak"]
[Result "1/2-1/2"]
[WhiteElo "2420"]
[BlackElo "2425"]

1.d4 Nf6 2.c4 e6 3.Nc3 d5 4.Nf3 Be7 5.Bf4 c5 6.dxc5 Bxc5 7.cxd5 Qb6 8.e3 Qxb2
9.Qc1 Qxc1+ 10.Rxc1 O-O 11.Bc4 Bb4 12.dxe6 Bxe6 13.Bxe6 fxe6 14.O-O Bxc3
15.Rxc3 Nd5 16.Rb3 b6 17.Bg3 Nd7 18.Bd6 Rfc8 19.Nd4 e5 20.Nf5 e4 21.Nd4 Nc5
22.Ra3 a6 23.h3 Nb7 24.Nf5 g6 25.Ne7+ Nxe7 26.Bxe7 b5 27.Rd1 a5 28.Rd7 Nc5
29.Bxc5 Rxc5 30.Rb3 b4 31.a3 bxa3 32.Rxa3 Rc2 33.Ra4 Rf8 34.Rxa5 Rfxf2 35.Ra8+ Rf8
36.Raa7 Rff2 37.Kh1 Rce2 38.Rg7+ Kf8 39.Rxh7 Kg8 40.Rhg7+ Kf8 41.Rxg6 Rxe3
42.Rb6 Re1+ 43.Kh2  1/2-1/2

[Event "Nice olm fin-A"]
[Site "Nice"]
[Date "1974.??.??"]
[Round "11"]
[White "Portisch, Lajos"]
[Black "Westerinen, Heikki MJ"]
[Result "1/2-1/2"]
[WhiteElo "2645"]
[BlackElo "2465"]

1.d4 d5 2.c4 e6 3.Nc3 Nf6 4.Nf3 Be7 5.Bf4 O-O 6.e3 c5 7.dxc5 Bxc5 8.Qc2 Nc6
9.a3 Bd7 10.Rd1 Rc8 11.Be2 dxc4 12.O-O Be7 13.Bxc4 Qa5 14.Qb3 Rfd8 15.Qxb7 e5
16.Bg3 Rb8 17.Qa6 Qxa6 18.Bxa6 e4 19.Ne5 Rxb2 20.Rxd7 Rxd7 21.Nxc6 Bxa3 22.Ne5 Re7
23.Rd1 h5 24.h4 Rc2 25.Nd5 Re6 26.Bb7 Bd6 27.Nxf6+ gxf6 28.Bxe4 Rc3 29.Bd5 Bxe5
30.Bxe6 Bxg3 31.Bxf7+ Kxf7 32.fxg3 Rxe3 33.Rd7+ Re7 34.Rd5 Kg6 35.Ra5  1/2-1/2

[Event "Rimavska Sobota"]
[Site "Rimavska Sobota"]
[Date "1974.??.??"]
[Round "6"]
[White "Farago, Ivan"]
[Black "Jankovec, Ivan"]
[Result "1/2-1/2"]
[WhiteElo "2475"]
[BlackElo "2315"]

1.d4 Nf6 2.c4 e6 3.Nc3 d5 4.Nf3 Be7 5.Bf4 c6 6.e3 Nbd7 7.c5 Nh5 8.Bd3 Nxf4
9.exf4 b6 10.b4 bxc5 11.bxc5 Qa5 12.Qd2 Ba6 13.O-O Bxd3 14.Qxd3 O-O 15.Rae1 Bf6
16.Re3 g6 17.h4 Qd8 18.g3 Nxc5 19.dxc5 d4 20.Nxd4 Bxd4 21.Rf3 Bxc5 22.Qe4 Rc8
23.Rd3 Qa5 24.Qe5 Bb4 25.Ne4 Qxe5 26.fxe5 Rfd8 27.Rfd1 Be7 28.Rd7 Kf8 29.Nf6 h5
30.Kf1 a5 31.a4 Rxd7 32.Rxd7 c5 33.Ke2 c4 34.Kd2 Bb4+ 35.Kc2 Be7 36.Ne4 Ke8
37.Ng5  1/2-1/2

[Event "SWE-ch"]
[Site "?"]
[Date "1974.??.??"]
[Round "6"]
[White "Ek, Hans"]
[Black "Nordstrom, Felix"]
[Result "1/2-1/2"]
[WhiteElo "2355"]
[BlackElo "2325"]

1.Nf3 Nf6 2.c4 e6 3.Nc3 d5 4.d4 Be7 5.Bf4 O-O 6.e3 c5 7.dxc5 Bxc5 8.cxd5 Nxd5
9.Nxd5 exd5 10.Bd3 Qe7 11.O-O Nc6 12.Rc1 Bb6 13.Bb5 Qf6 14.b3 Bf5 15.Bg5 Qd6
16.Bf4 Qf6 17.Bg3 Rac8 18.Bh4 Qd6 19.Bg3 Qf6 20.Bxc6 bxc6 21.Qd2 Be4 22.Nd4 h5
23.f3 Bg6 24.b4 Rfe8 25.Bf2 Qd6 26.Rfd1 f6 27.a4 a5 28.bxa5 Bc5 29.a6 Bb4
30.Qb2 Ba3 31.Qb7 Bxc1 32.Rxc1 Rb8 33.Qxc6 Qxc6 34.Nxc6 Ra8 35.a7 Bf5 36.e4 dxe4
37.fxe4 Bxe4 38.Nb4 Re7 39.Re1 f5 40.Nd5 Rb7 41.Nc3  1/2-1/2

[Event "URS Cup"]
[Site "Tbilisi"]
[Date "1974.??.??"]
[Round "?"]
[White "Chernikov, Oleg L"]
[Black "Gedevanishvili, Dmitry"]
[Result "1-0"]
[WhiteElo "2450"]
[BlackElo "2200"]

1.d4 Nf6 2.c4 e6 3.Nf3 d5 4.Nc3 Be7 5.Bf4 O-O 6.e3 c6 7.c5 b6 8.b4 a5 9.a3 Ba6
10.Bxa6 Nxa6 11.Na4 Nd7 12.Ne5 Nab8 13.Nb2 Nxe5 14.Bxe5 Nd7 15.Nd3 axb4 16.axb4 Nxe5
17.Nxe5 Qc7 18.f4 f6 19.Nd3 e5 20.fxe5 fxe5 21.Nxe5 bxc5 22.Rxa8 Rxa8 23.bxc5 Bf6
24.Nf3 Qe7 25.Qc1 Bh4+ 26.Nxh4 Qxh4+ 27.g3 Qh6 28.O-O Ra2 29.h4 Qe6 30.Rf2 Ra8
31.Kh2 Qe4 32.Re2 Rb8 33.Qc2 Qf3 34.Re1 h6 35.Qg2 Qf6 36.Rf1 Qe6 37.Qf3 Re8
38.Re1 Rf8 39.Qg2 Re8 40.Re2 Qe7 41.Qf3 Qe6 42.g4 Rf8 43.Qg2 Qe7 44.Kh3 Qe6
45.e4 dxe4 46.Qxe4 Qb3+ 47.Kg2 Qd1 48.g5 Qf1+ 49.Kh2 h5 50.g6 Kh8 51.Rg2 Rf4
52.Qe8+ Rf8 53.Qe5 Rf5 54.Qb8+ Rf8 55.Rb2 Qf6 56.Qe5 Qxh4+ 57.Kg1 Qg4+ 58.Rg2 Qf3
59.Qe2 Qf5 60.Qe5 Kg8 61.Kh2 Qf3 62.Qg3 Qf1 63.Qb3+ Kh8 64.Qe3  1-0

[Event "Hoogovens"]
[Site "Wijk aan Zee"]
[Date "1974.??.??"]
[Round "10"]
[White "Forintos, Gyozo V"]
[Black "Donner, Jan Hein"]
[Result "0-1"]
[WhiteElo "2490"]
[BlackElo "2495"]

1.d4 Nf6 2.c4 e6 3.Nf3 d5 4.Nc3 Be7 5.Bf4 O-O 6.e3 b6 7.Bd3 Bb7 8.O-O c5
9.Qe2 cxd4 10.Nxd4 Nbd7 11.cxd5 Nxd5 12.Nxd5 Bxd5 13.e4 Bb7 14.Rfd1 Bc5 15.Nf3 Qe7
16.Bb5 Nb8 17.a3 a5 18.Rac1 Ba6 19.Bxa6 Nxa6 20.Ne5 Rfd8 21.Rxd8+ Qxd8 22.Rd1 Qe8
23.Nd7 Rd8 24.Qxa6 Rxd7 25.Rxd7 Qxd7 26.Qa8+ Bf8 27.h3 h6 28.Be3 Qb5 29.Bd4 e5
30.Bc3 f6 31.g4 Kf7 32.Kg2 Qd7 33.Qd5+ Qxd5 34.exd5 a4 35.f4 exf4 36.Kf3 Bd6
37.Bd4 b5 38.Ke4 Be5 39.Bc5 Ke8 40.h4 Kd7  0-1

[Event "DSV-Turnier"]
[Site "Leipzig"]
[Date "1975.??.??"]
[Round "8"]
[White "Gruenberg, Hans Ulrich"]
[Black "Kozma, Julius"]
[Result "1-0"]
[WhiteElo "2315"]
[BlackElo "2380"]

1.c4 Nf6 2.Nc3 e6 3.Nf3 d5 4.d4 Be7 5.Bf4 O-O 6.e3 b6 7.Rc1 Bb7 8.cxd5 exd5
9.Bd3 a6 10.O-O Nbd7 11.Re1 c5 12.dxc5 bxc5 13.e4 dxe4 14.Nxe4 Nxe4 15.Bxe4 Bxe4
16.Rxe4 Re8 17.Qb3 Bf6 18.Rxe8+ Qxe8 19.Qb7 Qc8 20.Qxc8+ Rxc8 21.b3 Kf8 22.g4 h6
23.Kg2 Be7 24.h3 Nb6 25.Ne5 Nd5 26.Bd2 Bd6 27.Nc4 Bf4 28.Kf3 g5 29.Be3 Ke7
30.Rd1 Nc3 31.Rd2 Bxe3 32.Nxe3 Rc6 33.Nf5+ Ke6 34.Rc2 Nb5 35.b4 Kd7 36.bxc5 Nc7
37.Nd4 Rf6+ 38.Ke4 Rf4+ 39.Kd3 Nb5 40.c6+ Kc7 41.Nf5 h5 42.Ne7 Rd4+ 43.Ke3 hxg4
44.hxg4 Rd6 45.Nf5 Re6+ 46.Kd3 f6 47.a4 Na7 48.Nd4 Re1 49.f3 Nc8 50.Rh2 Rd1+
51.Ke4 Ne7 52.Rh7 Re1+ 53.Kd3 Kd6 54.Kd2 Ra1 55.Nf5+ Nxf5 56.c7 Ra2+ 57.Kc1  1-0

[Event "URS-chT"]
[Site "Riga"]
[Date "1975.??.??"]
[Round "?"]
[White "Yuferov, Sergey  N"]
[Black "Geller, Efim P"]
[Result "1/2-1/2"]
[WhiteElo "2420"]
[BlackElo "2600"]

1.d4 Nf6 2.c4 e6 3.Nf3 d5 4.Nc3 Be7 5.Bf4 O-O 6.e3 c5 7.dxc5 Nc6 8.Qc2 Bxc5
9.a3 Qa5 10.Rd1 Bd7 11.Nd2 Be7 12.Be2 Rac8 13.O-O Qb6 14.b4 h6 15.cxd5 exd5
16.Na4 Nd4 17.exd4 Rxc2 18.Nxb6 axb6  1/2-1/2

[Event "Rimavska Sobota"]
[Site "Rimavska Sobota"]
[Date "1975.??.??"]
[Round "1"]
[White "Farago, Ivan"]
[Black "Velikov, Petar"]
[Result "1/2-1/2"]
[WhiteElo "2460"]
[BlackElo "2430"]

1.d4 Nf6 2.c4 e6 3.Nc3 d5 4.Nf3 Be7 5.Bf4 O-O 6.e3 Nbd7 7.Bd3 dxc4 8.Bxc4 Nb6
9.Bb3 Nbd5 10.Bg5 Nxc3 11.bxc3 b6 12.O-O Bb7 13.Ne5 Nd7 14.Bxe7 Qxe7 15.Nxd7 Qxd7
16.Qg4 Rfd8 17.Rfd1 Qe7  1/2-1/2

[Event "IBM"]
[Site "Amsterdam"]
[Date "1976.??.??"]
[Round "6"]
[White "Farago, Ivan"]
[Black "Kurajica, Bojan"]
[Result "1/2-1/2"]
[WhiteElo "2420"]
[BlackElo "2525"]

1.d4 d5 2.c4 e6 3.Nc3 Nf6 4.Nf3 Be7 5.Bf4 O-O 6.e3 c5 7.dxc5 Bxc5 8.Qc2 Nc6
9.a3 Qa5 10.Rd1 Be7 11.Nd2 e5 12.Nb3 Qb6 13.Bg5 Bg4 14.f3 dxc4 15.Bxc4 Bh5
16.Qe2 Rad8 17.O-O Rxd1 18.Rxd1 Rd8 19.Rxd8+  1/2-1/2

[Event "Beersheba"]
[Site "Beersheba"]
[Date "1976.??.??"]
[Round "4"]
[White "Hartston, William R"]
[Black "Radashkovich, Itchak"]
[Result "1/2-1/2"]
[WhiteElo "2445"]
[BlackElo "2445"]

1.d4 Nf6 2.c4 e6 3.Nc3 d5 4.Nf3 Be7 5.Bf4 c5 6.dxc5 O-O 7.e3 Bxc5 8.cxd5 exd5
9.Bd3 Nc6 10.O-O d4 11.Ne4 Be7 12.Nxf6+ Bxf6 13.e4 Bg4 14.h3 Bh5 15.g4 Bg6
16.Qd2 Qb6 17.Rac1 Rfe8 18.Rfe1 Rac8 19.a3 Be7 20.Kg2 a5 21.Bc4 Bc5 22.Bd3 f6
23.Nh4 Bf7 24.Nf5 Ne5 25.Bxe5 fxe5 26.Bc4 Bf8 27.Bxf7+ Kxf7 28.Rxc8 Rxc8
29.Rc1 Rc5 30.Rxc5 Qxc5 31.Qd3 a4 32.Nh4 b5 33.Nf3 Bd6 34.Ne1 g6 35.Qf3+ Kg7
36.Nd3 Qc4 37.h4 Qf7 38.Qe2 Kf8 39.Qd2 Qe6 40.f3 Kf7 41.Qh6 Kg8 42.h5 Bf8
43.Qg5 Qb3 44.Qd2 Bh6  1/2-1/2

[Event "Dortmund"]
[Site "Dortmund"]
[Date "1976.??.??"]
[Round "3"]
[White "Sydor, Andrzej"]
[Black "Ciric, Dragoljub M"]
[Result "1-0"]
[WhiteElo "2425"]
[BlackElo "2435"]

1.d4 d5 2.c4 e6 3.Nc3 Nf6 4.Nf3 Be7 5.Bf4 O-O 6.e3 b6 7.Bd3 Bb7 8.cxd5 exd5
9.Rc1 c5 10.O-O a6 11.Ne5 c4 12.Bb1 b5 13.Qf3 Re8 14.g4 Nbd7 15.Nxf7 Kxf7
16.g5 Kg8 17.gxf6 Nxf6 18.Kh1 b4 19.Ne2 Ne4 20.Rg1 Bf6 21.Qg2 Qd7 22.f3 Nd2
23.Bc2 b3 24.axb3 cxb3 25.Bxh7+ Kxh7 26.Rc7 Qxc7 27.Bxc7 Nc4 28.Nf4 Re7 29.Nh5 Rf8
30.Bf4 a5 31.Bh6  1-0

[Event "DDR-ch 25th"]
[Site "Groeditz"]
[Date "1976.??.??"]
[Round "13"]
[White "Moehring, Guenther"]
[Black "Rossmann, Helmut"]
[Result "0-1"]
[WhiteElo "2350"]
[BlackElo "2280"]

1.d4 d5 2.c4 e6 3.Nc3 Nf6 4.Nf3 Be7 5.Bf4 O-O 6.e3 c5 7.dxc5 Bxc5 8.Qc2 Nc6
9.a3 Qa5 10.Nd2 Be7 11.Rd1 e5 12.Bg3 d4 13.Nb3 Qb6 14.c5 Bxc5 15.Na4 Bb4+
16.axb4 Qxb4+ 17.Nd2 Bg4 18.Ra1 Rfd8 19.Nc5 dxe3 20.fxe3 Rxd2 21.Qxd2 Qxc5
22.Rc1 Qb6 23.Bc4 Rd8 24.Qc3 Ne4 25.Qa3 Nd2 26.Be2 Nb3 27.Rc3 Bxe2 28.Kxe2 Rd2+
29.Kf3 Ncd4+ 30.exd4 Qf6+ 31.Ke4 Qg6+ 32.Ke3 Qg5+ 33.Ke4 Qg4+ 34.Kxe5 Qe6+
35.Kf4 Rxd4+ 36.Kf3 Qe4+ 37.Kf2 Rd2+  0-1

[Event "Haifa ol (Men)"]
[Site "Haifa"]
[Date "1976.??.??"]
[Round "?"]
[White "Keene, Raymond D"]
[Black "Kraidman, Yair"]
[Result "1-0"]
[WhiteElo "2460"]
[BlackElo "2465"]

1.c4 Nf6 2.Nc3 e6 3.Nf3 d5 4.d4 Be7 5.Bf4 O-O 6.e3 b6 7.cxd5 exd5 8.Bd3 c5
9.O-O Ba6 10.dxc5 bxc5 11.Rc1 Qa5 12.Bxa6 Nxa6 13.Nxd5 Nxd5 14.Qxd5 Rad8
15.Qc4 Nb4 16.Ne5 Bd6 17.a3 Bxe5 18.Bxe5 Nd3 19.Bc3 Qb6 20.Rcd1 Qg6 21.f4 Qe6
22.Qxe6 fxe6 23.b3 Rd7 24.Rd2 e5 25.e4 c4 26.bxc4 Nc5 27.Rxd7 Nxd7 28.Rd1 Nf6
29.Bxe5 Nxe4 30.Rd7 Rc8 31.Rxg7+ Kf8 32.Rxh7 Rxc4 33.Rc7 Ra4 34.Bb2 Nd6 35.Rc2 Nb5
36.Rc1 Kf7 37.g3  1-0

[Event "Halle 10th (Women)"]
[Site "Halle"]
[Date "1976.??.??"]
[Round "10"]
[White "Szmacinska, Grazyna"]
[Black "Mueller, Martina"]
[Result "1-0"]
[WhiteElo "2070"]
[BlackElo "2000"]

1.d4 d5 2.c4 e6 3.Nc3 Nf6 4.Nf3 Be7 5.Bf4 c6 6.e3 Qa5 7.Nd2 Bb4 8.Qc2 Nh5
9.Bg3 Nxg3 10.hxg3 h6 11.Be2 Nd7 12.g4 dxc4 13.Nxc4 Qd5 14.Kf1 Bxc3 15.bxc3 e5
16.Rd1 e4 17.Qxe4+ Qxe4 18.Nd6+ Ke7 19.Nxe4 Nb6 20.f4 Nd5 21.Kf2 f5 22.gxf5 Bxf5
23.Ng3 Bd7 24.c4 Nc3 25.Rd2 Nxe2 26.Nxe2 Raf8 27.e4 h5 28.g3 Bg4 29.Ke3 Rf6
30.d5 cxd5 31.cxd5 Ra6 32.Rc1 Kd7 33.Rdc2 Ra3+ 34.Kd2 Kd6 35.Nc3 a6 36.e5+ Ke7
37.Ne4 h4 38.Rc7+ Kd8 39.e6 Rxa2+ 40.Ke1  1-0

[Event "URS-ch otbor"]
[Site "Rostov"]
[Date "1976.??.??"]
[Round "?"]
[White "Gofshtein, Leonid D"]
[Black "Anikaev, Yuri N"]
[Result "1-0"]
[WhiteElo "2200"]
[BlackElo "2435"]

1.c4 Nf6 2.Nc3 e6 3.Nf3 d5 4.d4 Be7 5.Bf4 c5 6.e3 O-O 7.dxc5 Bxc5 8.a3 Nc6
9.Qc2 b6 10.Rd1 Bb7 11.cxd5 exd5 12.Bc4 Rc8 13.O-O Na5 14.Bd3 Bd6 15.Bf5 Rc7
16.Bg5 h6 17.Bh4 g5 18.Bg3 Bxg3 19.hxg3 Nc4 20.e4 Qb8 21.e5 Ne8 22.Qe2 Ng7
23.Bb1 Nxa3 24.Ba2 Nc4 25.Nxd5 Bxd5 26.Rxd5 Rfc8 27.Rfd1 b5 28.Nh2 h5 29.Bb1 Nb6
30.Rd6 Rc1 31.Qe4 f5 32.exf6 Qxd6 33.Qh7+ Kf7 34.Qg6+  1-0

[Event "Yerevan"]
[Site "Yerevan"]
[Date "1976.??.??"]
[Round "?"]
[White "Vaganian, Rafael A"]
[Black "Petrosian, Arshak B"]
[Result "1-0"]
[WhiteElo "2550"]
[BlackElo "2325"]

1.c4 Nf6 2.Nc3 e6 3.Nf3 d5 4.d4 Be7 5.Bf4 O-O 6.e3 Nbd7 7.Rc1 a6 8.c5 Nh5
9.Bd3 Nxf4 10.exf4 c6 11.Na4 Qa5+ 12.Kf1 Qc7 13.g3 f6 14.Qc2 g6 15.Bxg6 f5
16.Qe2 Nf6 17.Nb6 Rb8 18.Nxc8 Rbxc8 19.Qxe6+ Kh8 20.Bxf5 Rce8 21.Qe5 Qa5
22.Bd7  1-0

[Event "Tungsram"]
[Site "Budapest"]
[Date "1977.??.??"]
[Round "?"]
[White "Ree, Hans"]
[Black "Filip, Miroslav"]
[Result "1-0"]
[WhiteElo "2460"]
[BlackElo "2500"]

1.c4 e6 2.Nc3 d5 3.d4 Be7 4.Nf3 Nf6 5.Bf4 O-O 6.e3 c5 7.dxc5 Nc6 8.a3 dxc4
9.Bxc4 Qxd1+ 10.Rxd1 Bxc5 11.Ne5 Nxe5 12.Bxe5 a6 13.Be2 b5 14.Bf3 Ra7 15.Bd6 Bxd6
16.Rxd6 Rd7 17.Rxd7 Nxd7 18.Ke2 Ne5 19.Ne4 Nc4 20.Rc1 Nxb2 21.Nd6 Nc4 22.Nxc4 bxc4
23.Rxc4 Bd7 24.Kd2 Rb8 25.Rc7 Bb5 26.Kc3 g6 27.Ra7 Rc8+ 28.Kb3 Kg7 29.a4 Bd3
30.Rd7 Rb8+ 31.Kc3 Bf1 32.Rd1 Rc8+ 33.Kb4 Bc4 34.Rc1 Rb8+ 35.Ka5 Bd3 36.Rd1 Bc4
37.Rd4 Bf1 38.Rb4 Rc8 39.Rb1 Bd3 40.Rd1 Bc2 41.Rd6 Bb3 42.Rxa6 Rc4 43.Kb5 Rc2
44.Rc6 Ra2 45.a5 Ba4+ 46.Kb6 Rb2+ 47.Kc7 Bxc6 48.Bxc6 Rxf2 49.a6 Ra2 50.Kb6  1-0

[Event "Tungsram"]
[Site "Budapest"]
[Date "1977.??.??"]
[Round "?"]
[White "Lukacs, Peter"]
[Black "Ree, Hans"]
[Result "1/2-1/2"]
[WhiteElo "2450"]
[BlackElo "2460"]

1.d4 Nf6 2.c4 e6 3.Nf3 d5 4.Nc3 Be7 5.Bf4 O-O 6.e3 c5 7.dxc5 Nc6 8.a3 Bxc5
9.Qc2 Qa5 10.Rd1 Be7 11.Nd2 e5 12.Bg5 d4 13.Nb3 Qd8 14.exd4 Nxd4 15.Nxd4 exd4
16.Nb5 Bc5 17.Be2 a6 18.b4 axb5 19.bxc5 Rxa3 20.O-O bxc4 21.Qxc4 Rc3 22.Qxc3 dxc3
23.Rxd8 Rxd8 24.Rc1 Re8 25.Bxf6  1/2-1/2

[Event "CSR-ch int"]
[Site "Decin"]
[Date "1977.??.??"]
[Round "10"]
[White "Giorgadze, Tamaz"]
[Black "Bednarski, Jacek B"]
[Result "1-0"]
[WhiteElo "2445"]
[BlackElo "2400"]

1.c4 e6 2.Nc3 d5 3.d4 Nf6 4.Nf3 Be7 5.Bf4 O-O 6.e3 c5 7.dxc5 Bxc5 8.a3 dxc4
9.Bxc4 Qxd1+ 10.Rxd1 Nc6 11.Ke2 Bd7 12.Ne4 Nxe4 13.Rxd7 Rfd8 14.Rhd1 Rxd7
15.Rxd7 Rd8 16.Rxd8+ Nxd8 17.Bd3 Nf6 18.h3 Kf8 19.Nd2 Nc6 20.Nc4 Be7 21.Bh2 Bd8
22.g4 g6 23.Bd6+ Be7 24.Bg3 h5 25.g5 Nd7 26.h4 Nc5 27.Bc2 Nd8 28.Ne5 b5 29.f3 Ke8
30.Bf4 Bd6 31.Nxg6  1-0

[Event "Lublin"]
[Site "Lublin"]
[Date "1977.??.??"]
[Round "13"]
[White "Sydor, Andrzej"]
[Black "Zinn, Lothar"]
[Result "1-0"]
[WhiteElo "2425"]
[BlackElo "2365"]

1.d4 d5 2.c4 e6 3.Nc3 Nf6 4.Nf3 Be7 5.Bf4 O-O 6.e3 b6 7.Bd3 Bb7 8.cxd5 exd5
9.O-O c5 10.Rc1 c4 11.Bb1 a6 12.Ne5 b5 13.Qf3 b4 14.Ne2 Ra7 15.Ng3 a5 16.Nf5 Nbd7
17.Qg3 g6 18.Nh6+ Kg7 19.Nhxf7 Rxf7 20.Bh6+ Kg8 21.Bxg6 Nxe5 22.dxe5 Ne8
23.Bxf7+ Kxf7 24.f4 Ra6 25.Qh3 Qb6 26.Bg5 Bxg5 27.Qxh7+ Ke6 28.fxg5 Qc6 29.Rf7 Kxe5
30.Rxb7  1-0

[Event "Santos Lugares"]
[Site "Santos Lugares"]
[Date "1977.??.??"]
[Round "2"]
[White "Garcia, R."]
[Black "Rossetto, Hector"]
[Result "1-0"]
[WhiteElo "2435"]
[BlackElo "2410"]

1.c4 Nf6 2.Nc3 e6 3.Nf3 d5 4.d4 Be7 5.Bf4 O-O 6.e3 a6 7.c5 Nbd7 8.Bd3 Re8
9.Rc1 Nf8 10.h3 Ng6 11.Bh2 Nd7 12.O-O Ndf8 13.Qb3 Nh4 14.Nxh4 Bxh4 15.e4 dxe4
16.Nxe4 Ng6 17.Rcd1 Be7 18.Bc4 c6 19.Bd6 b5 20.Be2 Bd7 21.Bh5 Bf8 22.Bxg6 hxg6
23.Qg3 Be7 24.Bxe7 Rxe7 25.Rfe1 Be8 26.Ng5 f6 27.Nxe6 Qd7 28.Nf4 g5 29.Rxe7 Qxe7
30.Nd3 Rd8 31.Qe3 Qd7 32.Nc1 Bh5 33.f3 Bf7 34.a3 Re8 35.Qd2 Qd5 36.Kf2 Qc4
37.Qc3 Qd5 38.Qd2 Qc4 39.Ne2 a5 40.Ng3 b4 41.axb4 axb4 42.Ne4 Ra8 43.Nd6 Qb3
44.Nxf7 Kxf7 45.d5 Ra2 46.dxc6 Rxb2 47.c7 Qxd1 48.Qxb2 Qd7 49.Qb3+ Ke7 50.Qxb4 Qxc7
51.Qc4 Qa7 52.Ke2 Qa3 53.Qe4+ Kf7 54.Qd5+ Ke7 55.Qd6+ Kf7 56.Qd7+ Kg8 57.Qe8+ Kh7
58.Qe3 Qb2+ 59.Kf1 Qb1+ 60.Kf2 Qb2+ 61.Kg3 Qb8+ 62.f4 gxf4+ 63.Qxf4 Qb3+
64.Kh2 Qc2 65.Qd6 f5 66.c6 f4 67.Qd5 Kh6 68.h4 Qc3 69.Qg5+ Kh7 70.Qh5+ Kg8
71.Qe8+ Kh7 72.h5 Qc5 73.Qg6+ Kh8 74.h6 gxh6 75.Qxh6+ Kg8 76.Qe6+ Kg7 77.Qd7+ Kf6
78.c7  1-0

[Event "Stary Smokovec"]
[Site "Stary Smokovec"]
[Date "1977.??.??"]
[Round "5"]
[White "Szilagyi, Gyorgy"]
[Black "Nemec, Tadeus"]
[Result "1/2-1/2"]
[WhiteElo "2370"]
[BlackElo "2200"]

1.d4 Nf6 2.c4 e6 3.Nf3 d5 4.Nc3 Be7 5.Bf4 O-O 6.e3 c5 7.dxc5 Bxc5 8.a3 dxc4
9.Bxc4 a6 10.O-O b5 11.Bd3 Bb7 12.Qe2 Nbd7 13.Rad1 Qb6 14.e4 h6 15.Bc1 Rfd8
16.h3 Nf8 17.e5 Nd5 18.Ne4 Be7 19.Ng3 Rac8 20.Nh5  1/2-1/2